Karak (Record no. 166799)

MARC details
000 -LEADER
fixed length control field 00503ngm a2200193 i 4500
001 - CONTROL NUMBER
control field C2-0313955
003 - CONTROL NUMBER IDENTIFIER
control field PPAK
005 - DATE AND TIME OF LATEST TRANSACTION
control field 20180727221034.0
008 - FIXED-LENGTH DATA ELEMENTS--GENERAL INFORMATION
fixed length control field 111204s2011 my |||| ||||| | vlmay d
040 ## - CATALOGING SOURCE
Original cataloging agency PPAK
Language of cataloging eng
Transcribing agency PPAK
Description conventions rda
245 10 - TITLE STATEMENT
Title Karak
Remainder of title Laluan puaka
264 #1 - PRODUCTION, PUBLICATION, DISTRIBUTION, MANUFACTURE, AND COPYRIGHT NOTICE
Place of production, publication, distribution, manufacture Kuala Lumpur :
Name of producer, publisher, distributor, manufacturer KRU studios ,
Date of production, publication, distribution, manufacture, or copyright notice 2011
336 ## - CONTENT TYPE
Source rdacontent
Content type term text
337 ## - MEDIA TYPE
Source rdamedia
Media type term unmediated
338 ## - CARRIER TYPE
Source rdacarrier
Carrier type term volume
700 ## - ADDED ENTRY--PERSONAL NAME
Relator term author
Personal name Yusry Abd Halim,
Relator term compile
942 ## - ADDED ENTRY ELEMENTS (KOHA)
Source of classification or shelving scheme Dewey Decimal Classification
Koha item type Digital Video Disc
Holdings
Withdrawn status Lost status Source of classification or shelving scheme Damaged status Not for loan Home library Current library Shelving location Date acquired Source of acquisition Cost, normal purchase price Total Checkouts Full call number Barcode Date last seen Date last checked out Cost, replacement price Price effective from Koha item type
    Dewey Decimal Classification     Perpustakaan Alor Setar Perpustakaan Alor Setar Pinjaman Dewasa 03/11/2011 TREEQ 19.90 1 791.43 NOR A00361588 06/01/2020 31/12/2019 19.90 05/07/2018 Digital Video Disc
    Dewey Decimal Classification     Perpustakaan Alor Setar Perpustakaan Alor Setar Pinjaman Dewasa 03/11/2011 TREEQ 19.90 2 791.43 NOR A00361587 30/09/2019 04/09/2019 19.90 05/07/2018 Digital Video Disc